Οικονομική ανάπτυξη και ευτυχία των πολιτών : ανθρώπινη ανάπτυξη και η θέση της Ελλάδας στον διεθνή χώρο : ενδιάμεση έκθεση
Αποθηκεύτηκε σε:
| Κύριοι συγγραφείς: | , , |
|---|---|
| Μορφή: | Βιβλίο |
| Γλώσσα: | Greek |
| Δημοσίευση: |
Αθήνα :
Ινστιτούτο Εργασίας ΓΣΕΕ,
[202;].
|
| Θέματα: | |
| Ετικέτες: |
Προσθήκη ετικέτας
Δεν υπάρχουν, Καταχωρήστε ετικέτα πρώτοι!
|
MARC
| LEADER | 00000cam a2200000 a 4500 | ||
|---|---|---|---|
| 001 | 1/122181 | ||
| 008 | 201001n202?####gr | ||| |||| ||gre|| | ||
| 020 | |a 9789607402790 |q (χαρτόδετο) | ||
| 040 | |a GR-MyUa |b gre |c GR-MyUa |e AACR2 | ||
| 041 | 0 | |a gre | |
| 082 | 7 | |a 338.9 |2 (23) | |
| 100 | 1 | |a Παναγιωτόπουλος, Νίκος, |e aut | |
| 245 | 1 | 2 | |a Οικονομική ανάπτυξη και ευτυχία των πολιτών : |b ανθρώπινη ανάπτυξη και η θέση της Ελλάδας στον διεθνή χώρο : ενδιάμεση έκθεση / |c Παναγιωτόπουλος Νίκος σε συνεργασία με την Αθηνά Καρατζά και τη Λίλα Παπαβασιλείου. |
| 260 | |a Αθήνα : |b Ινστιτούτο Εργασίας ΓΣΕΕ, |c [202;]. | ||
| 300 | |a 167 σ. : |b διαγρ. ; |c 24 εκ. | ||
| 504 | |a Περιλαμβάνει βιβλιογραφία. | ||
| 650 | 0 | |a Economic development |z Greece. | |
| 650 | 0 | |a Well-being. | |
| 650 | 0 | |a Happiness |x Economic aspects. | |
| 700 | 1 | |a Καρατζά, Αθηνά, |e aut | |
| 700 | 1 | |a Παπαβασιλείου, Λίλα, |e aut | |
| 852 | |a INST |b CHIOS |e 20201001 |h 338.9 ΠΑΝ |p 005200039933 |q 005200039933 |t BK |y 0 | ||
| 852 | |a INST |b CHIOS |e 20201001 |h 338.9 ΠΑΝ |p 005200039934 |q 005200039934 |t BK |y 0 | ||
| 920 | |a Κατσορίδας |b Δημήτρης |y Χίος |z 2020-09 | ||
| 970 | |a Παροικάκη |b Βασιλική |z 01-10-2020 | ||